Quick Pick: Count to 20 in Japanese Quiz Stats

 Plays Quiz Updated Apr 2, 2017

Support Sporcle.
Go Orange.
Score 0/20 Timer 01:30
0 Plays Today
% Correct
一 (ichi)
93.2%
三 (san)
89.5%
二 (ni)
88.9%
十 (jū)
70.5%
十一 (jū ichi)
70.5%
五 (go)
69.4%
十三 (jū san)
69.1%
八 (hachi)
65.9%
六 (roku)
65.9%
十二 (jū ni)
65.2%
% Correct
四 (shi|yon)
64.9%
七 (shichi|nana)
62.2%
九 (kyū|ku)
61.6%
十五 (jū go)
57.2%
十六 (jū roku)
56.5%
十八 (jū hachi)
56%
十四 (jū yon)
54.2%
十九 (jū kyū)
53.9%
二十 (ni-jū)
53.3%
十七 (jū nana)
52.3%

Today's Daily Dose

Word Ladder
New Dimensions!

Quick Pick
'Animal' Fish

Get the Picture
Bird or Food?

You're not logged in!

Compare scores with friends on all Sporcle quizzes.
OR
Log In
Forgot?

From the Vault

One-Letter-Hint 'P', 'Q' and 'R' Countries

by kfastic

Well, there's only one 'Q' country, so that one should be a bit easier.
Remove Ads.
Support Sporcle.
Get the best of Sporcle when you Go Orange. This ad-free experience offers more features, more stats, and more fun while also helping to support Sporcle. Thank you for becoming a member.

Show Comments

Extras

Top Quizzes Today


Score Distribution

Your Account Isn't Verified!

In order to create a playlist on Sporcle, you need to verify the email address you used during registration. Go to your Sporcle Settings to finish the process.

Report this User

Report this user for behavior that violates our Community Guidelines.

Details: